<?xml version="1.0" encoding="UTF-8"?>
<collection xmlns="http://www.loc.gov/MARC21/slim">
 <record>
  <leader>00887pamaa2200217   4500</leader>
  <controlfield tag="001">0000045478</controlfield>
  <controlfield tag="005">20090806090000.0</controlfield>
  <controlfield tag="008">090623                             eng  </controlfield>
  <datafield tag="020" ind1="0" ind2="0">
   <subfield code="a">0007170874 (pbk.) </subfield>
  </datafield>
  <datafield tag="090" ind1="0" ind2="0">
   <subfield code="a">HD9696.2.U64 </subfield>
   <subfield code="b">GER 2003</subfield>
  </datafield>
  <datafield tag="100" ind1="1" ind2="0">
   <subfield code="a">Gerstner </subfield>
  </datafield>
  <datafield tag="245" ind1="1" ind2="0">
   <subfield code="a">Who says elephants can't dance? : </subfield>
   <subfield code="b">inside IBM's historic turnaround  </subfield>
   <subfield code="c">Louis V. Gerstner, Jr..</subfield>
  </datafield>
  <datafield tag="260" ind1="0" ind2="0">
   <subfield code="a">New York, NY: </subfield>
   <subfield code="b">HarperBusiness, </subfield>
   <subfield code="c">2003.</subfield>
  </datafield>
  <datafield tag="300" ind1=" " ind2=" ">
   <subfield code="a">xi, 372 p.: </subfield>
   <subfield code="b">ill.; </subfield>
   <subfield code="c">22 cm.</subfield>
  </datafield>
  <datafield tag="504" ind1="0" ind2="0">
   <subfield code="a">Includes index</subfield>
  </datafield>
  <datafield tag="650" ind1="0" ind2="0">
   <subfield code="a">International Business Machines Corporation Management </subfield>
  </datafield>
  <datafield tag="650" ind1="0" ind2="0">
   <subfield code="a">International Business Machines Corporation -- </subfield>
   <subfield code="x">History </subfield>
  </datafield>
  <datafield tag="650" ind1="0" ind2="0">
   <subfield code="a">Computer industry -- </subfield>
   <subfield code="x">United States -- </subfield>
   <subfield code="x">History </subfield>
  </datafield>
  <datafield tag="650" ind1="0" ind2="0">
   <subfield code="a">Electronic office machine industry -- </subfield>
   <subfield code="x">History -- </subfield>
   <subfield code="z">United States </subfield>
  </datafield>
  <datafield tag="650" ind1="0" ind2="0">
   <subfield code="a">Corporate turnarounds -- </subfield>
   <subfield code="x">Case studies -- </subfield>
   <subfield code="z">United States </subfield>
  </datafield>
  <datafield tag="901" ind1=" " ind2=" ">
   <subfield code="u">www.harpercollins.com</subfield>
  </datafield>
 </record>
</collection>
